Wszystkie Smoki z HTTYD - Statystyki

Ogólne statystyki
  • Ten quiz został rozwiązany 61 razy
  • Średni wynik to 21 z 170
Statystyki odpowiedzi
Klasa Smok % Poprawnych
Uderzeniowa Nocna furia
100%
Kamienna Gronkiel
87%
Uderzeniowa Biała furia
79%
Ognista Koszmar Ponocnik
79%
Ognista Czerwona śmierć / królowa smoków
68%
Tropicieli Śmiertnik Zębacz
66%
Uderzeniowa Wander smok
58%
Tajemnicza Zębiróg Zamkogłowy
58%
Kamienna Krzykozgon
55%
Ognista Tajfumerang
50%
Wodna Wrzeniec
50%
Ognista Straszliwiec straszliwy
47%
Wodna Gromogrzmot
45%
Kamienna Szeptozgon
45%
Ostra Szybki Szpic
42%
Tajemnicza Zmiennoskrzydły
42%
Ostra Drzewokos
37%
Tajemnicza Marazmor
37%
Uderzeniowa Potrójny cios
37%
Wodna Raziprąd
37%
Tajemnicza Śmiercipieśń
37%
Ostra Zbiczatrzasł
37%
Kamienna Eruptodon
34%
Uderzeniowa Mroziczort
34%
Ognista Ognioglista
34%
Tajemnicza Bawoleń
32%
Tajemnicza Dramilion
32%
Tropicieli Gruchotnik
32%
Wodna Fioletowa śmierć
29%
Ognista Nocny koszmar / alfa, zwykły, strzelec
29%
Wodna Ogniowa burza
29%
Ognista Paszczogon
29%
Tropicieli Podwodny Rozpruwacz
29%
Kamienna Strażnik
29%
Tajemnicza Piaskowa Zjawa
26%
Tajemnicza Gnatochrup
24%
Uderzeniowa Śmierciozaur
24%
Ognista Zielona śmierć
24%
Tajemnicza Jaskiniowy Rabuś
21%
Tropicieli Sidlarz
21%
Tropicieli Hobgobbler
18%
Ognista Koślawy Mruk
18%
Kamienna Miażdżytłuk kafar
18%
Kamienna Ostrykieł
18%
Ognista Królowa Ognioglist
16%
Kamienna Ogniołyk
16%
Tajemnicza Zaduśny Zdech
16%
Tajemnicza Zbrojoskrzydły
16%
Kamienna Groncicle
11%
Ostra Igielnik
11%
Kamienna Kruszygłaz
11%
Wodna Mist twister
11%
Ognista Ognisty koszmar
11%
Tajemnicza Pióroskór
11%
Tajemnicza Ślizgochlast
11%
Kamienna Wyrwiflak Szkarłatny
11%
Ognista Duży skrzydłocień / Mały skrzydłocień
8%
Uderzeniowa Nocne światło
8%
Wodna Shockjaw
8%
Tajemnicza Słodka śmierć
8%
Ostra Smętny Zgrzytacz
8%
Wodna Abomibumble
5%
Ostra Bonestormer
5%
Uderzeniowa Chimeragon
5%
Ostra Diabelski Derwisz
5%
Ostra Egg biter
5%
Ostra Hackatoo
5%
Kamienna Humbanger
5%
Wodna Leviatan
5%
Wodna Oszołomostrzach
5%
Tropicieli Paszczon
5%
Tajemnicza Prickleboggle
5%
Wodna Sand wraith
5%
Wodna Seastormer
5%
Tajemnicza Silkspanner
5%
Tajemnicza Slithersong
5%
Tropicieli Snifflehunch
5%
Ostra Stinger
5%
Ostra Szponiak
5%
Ostra Thornridge
5%
Ognista Threadtail
5%
Kamienna Thunder bottom
5%
Tropicieli Thunderclaw
5%
Wodna Tide glider
5%
Ognista Toksyczny cień
5%
Ostra Wilkoskrzydły
5%
Tropiceili Brooding boltstamper
3%
Ostra Czaszkowiec
3%
Kamienna Grapple grounder
3%
Uderzeniowa Hoarsbrumble
3%
Ostra Kroplowij
3%
Wodna Luminous Krayfin
3%
Ostra Mudraker
3%
Kamienna Nosorożco Grzbiet
3%
Uderzeniowa Purpurowa Śmierć
3%
Wodna Ripwrecker
3%
Tropicieli Rockstomper
3%
Uderzeniowa Skaly rozpruwacz
3%
Wodna Sliquifier
3%
Ognista Srebrny upiór
3%
Tropicieli Windgnasher
3%
Ostra Windstriker
3%
Uderzeniowa Woolly Howl
3%
Tajemnicza Złodziej mieczy
3%
Ostra Bagienna Kreatura
0%
Tropicieli Bezlitosne skrzydło brzytwy
0%
Ostra Brzuchochlast
0%
Uderzeniowa Burzowy ptak
0%
Strachu Celownik
0%
Tropicieli Cyclarion
0%
Tropicieli Deadly galeslash
0%
Uderzeniowa Dewaster
0%
Ognista Dolna podstawa
0%
Ognista Dread stider
0%
Tajemicza Drzewopieśń
0%
Ostra Drzewo skrzydły
0%
Uderzeniowa Ekstryminator
0%
Wodna Fanthomfin
0%
Strachu Fieotl
0%
Ognista Flame Whiper
0%
Strachu Głowochlast
0%
Ognista Gobscuker
0%
Strachu Gruchogrzmot
0%
Tajemnicza Hushbogle
0%
Uderzeniowa Jedno skrzydło
0%
Kamienna Kamienny rozdzielacz
0%
Strachu Koszmarna Burza
0%
Ognista Koszmarny węgorz
0%
Strachu Krill
0%
Strachu Krystaliczny smok
0%
Kamienna Łopatoster
0%
Tajemnicza Mieczozgon
0%
Ognista Molduffle
0%
Tajemnicza Ochydna zjawa
0%
Ostra Ochydny Zębiróg
0%
Strachu Ogniozgon
0%
Ognisra Ognista furia
0%
Ostra Ostry ząb
0%
Ognista Piecownik
0%
Tajemnicza Pióroskrzydły
0%
Strachu Płomiennik
0%
Ostra Pustynna Zjawa
0%
Tropicieli Ridgesniper
0%
Uderzeniowa Samotne Skrzydło
0%
Ostra Siekieroskrzydły
0%
Tropicieli Ślepozgon
0%
Ostra Slumber jack
0%
Uderzeniowa Śmierciochrup
0%
Kamienna Śmierciołyk
0%
Strachu Snaptdo
0%
Ostra Sorr
0%
Ostra Sotole taff
0%
Ostra Srebrny ząb
0%
Tajemnicza Strażnik lasu
0%
Kamienna Szkarłatna Śmierć
0%
Wodna Szybki koniec
0%
Strachu Szybko skrzydły
0%
Kamienna Thunderpade
0%
Tropicieli Touns scote
0%
Uderzeniowa Wanderchrup
0%
Tajemnicza Wieczne Skrzydło
0%
Tajemicza Wieczny róg
0%
Ognista Wielki krok
0%
Strachu Wielkoskrzydły
0%
Wodna Wijochlast
0%
Wodna Windwalker
0%
Wodna Wodogrzmot
0%
Kamienna Zęboleń
0%
Wodna Zjawa snogletoga
0%
Tajemnicza Złoty smok
0%
Nie znaleziono quizów pasujących do podanych kryteriów
Rozkład punktacji
Procent ludzi z każdym wynikiem
Percentyl według liczby udzielonych odpowiedzi
Twoja historia wyników
Nie rozwiązałeś tego quizu